000 00473ngm a2200169 i 4500
001 C2-0321000
003 PPAK
005 20180727221650.0
008 130117s2012 my |||| ||||| | vleng d
040 _aPPAK
_beng
_cPPAK
_erda
245 0 0 _aFranklin and friends vol. 9
_bfranklin flies his kite
264 1 _aKuala Lumpur :
_bInnoform Media ,
_c2012
336 _2rdacontent
_atext
337 _2rdamedia
_aunmediated
338 _2rdacarrier
_avolume
942 _2ddc
_cDVD
999 _c167282
_d167282